Statistiques concernant Les préfectures des 6 départements de la région Provence-Alpes-Côte d'Azur

Cliquez ici pour prendre le quiz!

Statistiques générales

  • Ce quiz a été pris 112 fois
  • Le résultat moyen est 5 sur 6

Statistiques - réponses

DépartementPréfecture% Correct
13Marseille
99%
06Nice
99%
83Toulon
92%
84Avignon
90%
05Gap
85%
04Digne-les-Bains
70%

Distribution des résultats

Percentile par nombre de réponses

% des personnes avec chaque résultat

Votre développement - résultats

Vous n’avez pas pris ce quiz